000
00273nam a22001097a 4500
008
180803b xxu||||| |||| 00| 0 eng d
082
_a
813.52
245
_a
Understanding SSI Disability for Children
_c
OD
300
_a
1
_f
Cassette
440
_x
18007721213
942
_2
ddc
_c
MP
999
_c
46757
_d
46757